Statistics for Rachel McAdams Filmography

Click here to take the quiz!

General Stats

  • This quiz has been taken 87 times
    (40 since last reset)
  • The average score is 11 of 42

Answer Stats

TypeYearName% Correct
Film2004Mean Girls
88%
Film2004The Notebook
88%
Film2013About Time
62%
Film2016Doctor Strange
59%
Film2015Spotlight
59%
Film2022Doctor Strange in the Multiverse of Madness
47%
Film2012The Vow
44%
Film2005Wedding Crashers
41%
Film2005Red Eye
38%
Film2009The Time Traveler's Wife
38%
Film2018Game Night
32%
Film2002The Hot Chick
32%
Film2010Morning Glory
29%
Film2009Sherlock Holmes
29%
Film2023Are You There God? It's Me, Margaret
26%
Film2020EuroVision Song Contest: The Story of Fire Saga
26%
Film2011Midnight in Paris
26%
Film2011Sherlock Holmes: A Game of Shadows
24%
Film2014A Most Wanted Man
18%
Film2015Aloha
15%
Film2017Disobedience
15%
Film2015Southpaw
15%
Film2009State of Play
15%
Film2005The Family Stone
15%
TV Show2015True Detective
15%
Web Series2021What If...?
15%
Film2007Married Life
12%
Film2012Passion
12%
Film2008The Lucky Ones
12%
TV Show2002Earth: Final Conflict
9%
Film2015Every Thing Will Be Fine
9%
Documentary Series2018Explained
9%
TV Film2002Guilt by Association
9%
Film2002My Name Is Tanino
9%
Film2002Perfect Pie
9%
TV Pilot2001Shotgun Love Dolls
9%
TV Show2003-2005Slings & Arrows
9%
TV Show2001The Famous Jett Jackson
9%
Film2015The Little Prince
9%
Film2012To the Wonder
9%
Documentary Series2014Who Do You Think You Are?
9%
Documentary2016Sonic Sea
6%

Score Distribution

Percentile by Number Answered

Percent of People with Each Score

Your Score History

You have not taken this quiz since the last reset